000 01303nam a2200325 i 4500
001 12270
003 KOSZ 005
005 20200630132826.0
008 080222s1967 pl a f 000 0 pol
015 _aPB 1967/7965
040 _aWA N
_cWA N
_dKOSZ 005/RW
080 _a539
245 0 0 _aCząstki elementarne, jądro atomowe, promieniotwórczość :
_bw hołdzie Marii Skłodowskiej-Curie : praca zbiorowa /
_cpod redakcją Józefa Hurwica ; Polska Akademia Nauk. Komitet Fizyki i Komitet Nauk Chemicznych.
260 _aWarszawa :
_bPaństwowe Wydawnictwo Naukowe,
_c1967.
300 _a434, [1] strony, [1] karta tablic :
_bilustracje, errata ;
_c25 cm.
336 _aTekst
_btxt
_2rdacontent
337 _aBez urządzenia pośredniczącego
_bn
_2rdamedia
338 _aWolumin
_bnc
_2rdacarrier
380 _aKsiążki.
504 _aBibliografia przy pracach.
650 4 _aJądro atomowe.
650 4 _aPromieniotwórczość
658 _aFizyka i astronomia
650 4 _aAtom
650 4 _aCząstki elementarne
700 1 _aHurwic, Józef
_d(1911-2016).
_eRedakcja
710 2 _aPaństwowe Wydawnictwo Naukowe
_4pbl.
856 _uhttp://koha.tu.koszalin.pl/cgi-bin/koha/opac-detail.pl?biblionumber=12270
_yKatalog online BPK
942 _2UKD
_cKS
999 _c12270
_d12270